000 01003nac a22002051u 4500
010 _a 2001026242
020 _a053457663X (alk. paper)
082 0 0 _a351.73
_bL5492
090 _c4039
_d4039
100 _aLeMay, Michael C.,
245 1 0 _aPublic administration :
_bclashing values in the administration of public policy /
_cMichael C. LeMay.
260 _aAustralia ;
_aBelmont, CA :
_bWadsworth Thomson Learning,
_cc2002.
300 _axvi, 435 p. :
_bill. ;
_c25 cm.
504 _aIncludes bibliographical references and index.
650 0 _aPublic administration
_zUnited States
_vTextbooks.
650 0 _aPublic administration
_zUnited States.
942 _cBB
_k351.73L5492
999 _c4039
_d4039